Lightsaber Combat Forms - Statistics

General Stats
  • This quiz has been taken 71 times
  • The average score is 6 of 10
Answer Stats
Hint Answer % Correct
Form 3 Soresu
92%
Form 2 Makashi
76%
Form 4 Ataru
74%
Form 7 part 2 Vaapad
74%
Form 5 part 2 Djem So
68%
Form 1 Shii-Cho
58%
Form 7 part 1 Juyo
54%
Form 6 Niman
52%
Form 5 part 1 Shien
52%
Dual Lightsaber (disputed) Jar'kai
46%
No matching quizzes found
Score Distribution
Percent of People with Each Score
Percentile by Number Answered
Your Score History
You have not taken this quiz